Moneda, banca y mercados financieros (Registro nro. 1176)
[ vista simple ]
| 000 -LEADER | |
|---|---|
| fixed length control field | 02164 a2200253 4500 |
| 001 - CONTROL NUMBER | |
| control field | 24346 |
| 005 - DATE AND TIME OF LATEST TRANSACTION | |
| control field | 20260407155527.0 |
| 008 - FIXED-LENGTH DATA ELEMENTS--GENERAL INFORMATION | |
| fixed length control field | 260407a2014 arg spa d |
| 003 - CONTROL NUMBER IDENTIFIER | |
| control field | AR-UNSa-BCEJYS |
| 040 ## - CATALOGING SOURCE | |
| Original cataloging agency | AR-UNSa-BCEJYS |
| Language of cataloging | spa |
| Transcribing agency | AR-UNSa-BCEJYS |
| 080 ## - UNIVERSAL DECIMAL CLASSIFICATION NUMBER | |
| Universal Decimal Classification number | 336.7 |
| Common auxiliary subdivision | Moneda. Sistema monetario. Banca. Bolsa |
| 020 ## - INTERNATIONAL STANDARD BOOK NUMBER | |
| International Standard Book Number | 978-607-32-2204-4 |
| 100 1# - MAIN ENTRY--PERSONAL NAME | |
| Personal name | Campos Olguín, Víctor |
| 245 10 - TITLE STATEMENT | |
| Title | Moneda, banca y mercados financieros |
| 250 ## - EDITION STATEMENT | |
| Edition statement | 10a. ed. |
| 264 #1 - PRODUCTION, PUBLICATION, DISTRIBUTION, MANUFACTURE, AND COPYRIGHT NOTICE | |
| Place of production, publication, distribution, manufacture | México : |
| Name of producer, publisher, distributor, manufacturer | Pearson Educación |
| Date of production, publication, distribution, manufacture, or copyright notice | 2014 |
| 300 ## - PHYSICAL DESCRIPTION | |
| Extent | xli, 622 p. |
| Dimensions | 27 cm. |
| 505 ## - FORMATTED CONTENTS NOTE | |
| Formatted contents note | 1. ¿Por qué estudiar el dinero, la banca y los mercados financieros - 2. Panorama general del sistema financiero - 3. ¿Qué es el dinero? - 4. Comprensión de las tasas de interés - 5. El comportamiento de las tasas de interés - 6. Las estructuras de riesgo y de plazos de las tazas de interés - 7. La bolsa de valores, las teorías de las expectativas racionales y la hipótesis de los mercados eficientes - 8. Análisis económico de la estructura financiera - 9. Crisis financiera - 10. La banca y la administración de las instituciones financieras - 11. Análisis económico de la regulación financiera - 12. Industria bancaria: estructura y competencia - 13. Los bancos centrales y el sistema de la reserva federal - 14. El proceso de la oferta de dinero - 15. Herramientas de política monetaria - 16. Conducción de la política monetaria: estrategia y tácticas - 17. El mercado de divisas - 18. El sistema financiero internacional - 19. Teoría cuantitativa, inflación y la demanda de dinero - 20. La curva IS - 21. La política monetaria y las curvas de demanda agregada - 22. La curva de Phillips y la curva de oferta agregada a corto plazo - 23. Teoría de la política monetaria - 24. El papel de las expectativas en la política monetaria - 25. Mecanismos de trasmisión de la política monetaria |
| 590 ## - LOCAL NOTE (RLIN) | |
| Local note | niveau_biblio:m niveau_hierar:0 |
| 700 1# - ADDED ENTRY--PERSONAL NAME | |
| Personal name | Mishkin, Frederic S. |
| 700 1# - ADDED ENTRY--PERSONAL NAME | |
| Personal name | Juárez Valdés, Luis Felipe |
| 856 41 - ELECTRONIC LOCATION AND ACCESS | |
| Uniform Resource Identifier | <a href="https://biblioeco.unsa.edu.ar/pmb/images/libros/Moneda, banca y Mercados Financieros (2014).jpg">https://biblioeco.unsa.edu.ar/pmb/images/libros/Moneda, banca y Mercados Financieros (2014).jpg</a> |
| Link text | Imagen de portada |
| Electronic format type | image/jpeg |
| 942 ## - ADDED ENTRY ELEMENTS (KOHA) | |
| Koha item type | |
| Withdrawn status | Lost status | Damaged status | Not for loan | Home library | Current library | Shelving location | Date acquired | Total checkouts | Full call number | Barcode | Date last seen | Price effective from | Koha item type |
|---|---|---|---|---|---|---|---|---|---|---|---|---|---|
| Biblioteca Prof. Eusebio Cleto del Rey | Biblioteca Prof. Eusebio Cleto del Rey | 07/04/2026 | 336.7 M678 10ed. | L119634 | 07/04/2026 | 07/04/2026 | Libro | ||||||
| Biblioteca Prof. Eusebio Cleto del Rey | Biblioteca Prof. Eusebio Cleto del Rey | 07/04/2026 | 336.7 M678 10ed. | L119636 | 07/04/2026 | 07/04/2026 | Libro | ||||||
| Biblioteca Prof. Eusebio Cleto del Rey | Biblioteca Prof. Eusebio Cleto del Rey | 07/04/2026 | 336.7 M678 10ed. | L119635 | 07/04/2026 | 07/04/2026 | Libro |